000 01358nas a2200325 i 4500
001 212
003 ES-MaACL
005 20250828000900.0
007 t|
008 950801c1955 sp | | 1 ||pa d
080 _a908
245 0 0 _aAnuario de estudios atlánticos /
_cPatronato de la "Casa de Colón".
260 _aMadrid :
_bConsejo Superior de Investigaciones Científicas, Instituto Jerónimo Zurita,
_c1955-
300 _a31 v. ;
_c25 cm.
310 _aAnual
362 0 _aNº 1 (1955)-
555 _a"Indice analítico de autores y materias, núms. 1-52 (1955-2006)", publicado en 2006. Edición en papel (colocada con la revista), y edición en CD-ROM con signatura aparte.
650 1 7 _aHistoria
_2embne
_9179933
655 7 _2tgfbne
_9226866
_aRevistas
710 2 _aConsejo Superior de Investigaciones Científicas (España)
_93236
710 2 _aInstituto Jerónimo Zurita
_95106
710 2 _aCasa-Museo de Colón (Las Palmas de Gran Canaria)
_9141596
852 1 _aES-MaACL
_jHEM-H-82
_9215
_dOlim: Hem-1132
_zExpurgado: 22-1-2025
_cHEM
852 _aES-MaACL
_jROT 2/3/21
_zIndices en CD-ROM
_cROT
856 _uhttps://dialnet.unirioja.es/servlet/revista?codigo=5528
_ySumarios de la revista en Dialnet
866 0 _o1955-1975,1981-1989.
942 _2udc
_cPERIODICA
999 _c212
_d212